| 000 | 01779nam0a2200337 4500 | ||
|---|---|---|---|
| 001 | RU\NLR\bibl\1854304 | ||
| 005 | 20260406010555.0 | ||
| 021 |
_aRU _b2011-100017 _97158 |
||
| 035 | _a(NLR Aleph) 001844239 | ||
| 090 |
_a2314026 _c2314026 |
||
| 100 | _a20120111d2011 |||y0rusy50 ca | ||
| 101 | 0 | _arus | |
| 102 | _aRU | ||
| 105 | _aa ||||||||| | ||
| 200 | 1 |
_aЭкономический анализ. Финансово-экономический анализ деятельности предприятия _eучебное пособие для высшего профессионального образования _fС.А. Измалкова, Н.В. Журман, О.И. Морозова [и др.] |
|
| 210 |
_aОрел _cГосуниверситет-УНПК _d2011 |
||
| 215 |
_a260 с. _cил. _d21 |
||
| 320 | _aБиблиогр.: с. 258-260 (38 назв.) | ||
| 517 | 0 | _aФинансово-экономический анализ деятельности предприятия | |
| 606 | 1 |
_aПредприятия _jУчебные издания для высших учебных заведений _xЭкономический анализ _92143673 _3RU\NLR\auth\661291747 |
|
| 686 | _aУ29(2)0я73 | ||
| 686 | _aУ053.9(2)я73 | ||
| 701 | 1 |
_4070 _8rus _7ca _aИзмалкова _bС. А. _gСветлана Александровна _3RU\NLR\auth\77116035 _998960 |
|
| 701 | 1 |
_aЖурман _bН. В. _gНаталья Владимировна _4070 |
|
| 701 | 1 |
_4070 _8rus _7ca _aМорозова _bО. И. _cканд. экон. наук, произв. менеджмент _gОльга Ивановна _3RU\NLR\auth\77113130 _996055 |
|
| 801 | 0 |
_aRU _bNLR _c20120111 _gRCR |
|
| 801 | 1 |
_aRU _bNLR _c20120111 |
|
| 942 | _cBOOK | ||
| 980 | _aNB | ||
| 980 | _aNBR | ||